1121 1634 1861 1028 1280 1875 1132 1220 1399 1912 1539 1246 1519 1128 1459 1017 1065 1896 1250 1487 1351 1531 1657 1170 1696 1789 1554 1234 1624 1158 1997 1664 1828 1989 1483 1609 1837 1317 1890 1548 1570 1820 1371 1196 1417 1078 1531 1476 1301 1437 1941 1618 1185 1270 1424 1660 1155 1117 1533 1522 1668 1363 1341 1558 1303 1427 1041 1020 1981 1301 1108 1398 1440 1790 1830 1923 1912 1697 1124 1896 1250 1672 1367 1518 1983 1753 1779 1355 1668 1192 1457 1995 1399 1622 1948 1951 1840 1489 1314 BCNSPRNW ULIB Ver.6.0+V

เปลี่ยนเป็นภาษาไทย

Change to English
 แสดงรายละเอียดบรรณานุกรม
  กลับหน้าหลัก

Brief Record : Get Marc (ISO 2709) : E-mail record : QR code < ปิดหน้าต่าง
LEADER : 00000nam 2200000uu 4500
001    13399112104
003     ULIB
008    110627s2551||||th 000 0 tha d
020    9789748290263
090    นว.^bก274T 2551
100 0  กฤตธีร์
245 00 Tales behind the tale...เรื่องรักหลังตำนาน/^cกฤตธีร์
250    พิมพ์ครั้งที่ 2
260    กรุงเทพฯ :^bแจ่มใส,^c2551
300    255 หน้า
710 1  แจ่มใส
945    ^p169^l0^i024477
995    ทศพร
999 ^a ใช้งานได้ทุกระบบ
รายการนี้ยังไม่มีแท็ก
คุณยังไม่ได้ล็อกอิน คุณสามารถมีกิจกรรมร่วมกับเว็บไซต์ได้ แต่ต้องล็อกอินก่อน ::
  ล็อกอิน

รายการสื่อสารสนเทศ

ลำดับที่ ประเภท เลขเรียก/บาร์โค้ด สถานที่ สถานะ
- ไม่พบข้อมูล -

BibComment


ยังไม่เคยถูกคอมเมนท์

คอมเมนท์ทรัพยากรรายการนี้
  คอมเมนท์: Tales behind the ..


 Copyright 2026. Bcnsprnw @Library